Rough Guide to Sustainability

Enregistré dans:
Détails bibliographiques
Auteur principal: Edwards, Brian (Auteur)
Format: Livre
Langue:anglais
Publié: London : RIBA, 2010
Édition:3. vyd.
Sujets:
Tags: Ajouter un tag
Pas de tags, Soyez le premier à ajouter un tag!

MARC

LEADER 00000nam a22000003a 4500
001 stu250466
005 20150617230202.0
008 120713s2010------------------------eng-d
020 |a 978-1-85946-332-1 
040 |a STU  |b slo 
041 0 |a eng 
100 1 |a Edwards, Brian  |4 aut 
245 1 |a Rough Guide to Sustainability 
250 |a 3. vyd. 
260 |a London :  |b RIBA,  |c 2010 
300 |a 294 s 
650 7 |a udržateľný rozvoj  |2 stusub 
650 7 |a energetická efektívnosť budov  |2 stusub 
650 7 |a ekológia  |2 stusub 
996 |b 284AU05270  |c A*7994 U  |l AAKNAR  |s A  |a 24  |w stu250466_0001